Espagne matchs 2020-2025 - Statistiques

Statistiques générales
  • Ce quiz a été pris 24 fois
  • Le résultat moyen est 52 sur 70
Statistiques - réponses
Date Score Equipe Compétition % Correct
3-9-2020 1-1 Allemagne Ligue des nations
100%
17-11-2020 6-0 Allemagne Ligue des nations
100%
27-11-2022 1-1 Allemagne Coupe du monde 2022
100%
5-7-2024 2-1 ap Allemagne Euro 2024
100%
10-10-2021 1-2 France Ligue des nations
100%
9-7-2024 2-1 France Euro 2024
100%
5-6-2025 5-4 France Ligue des nations
100%
6-7-2021 5-3 tab Italie Euro 2020
95%
6-10-2021 1-2 Italie Ligue des nations
95%
15-6-2023 2-1 Italie Ligue des nations
95%
20-6-2024 1-0 Italie Euro 2024
95%
7-10-2020 0-0 Portugal Amical
95%
4-6-2021 0-0 Portugal Amical
95%
2-6-2022 1-1 Portugal Ligue des nations
95%
27-9-2022 0-1 Portugal Ligue des nations
95%
8-6-2025 7-5 tab Portugal Ligue des nations
95%
14-7-2024 2-1 Angleterre Euro 2024
86%
6-12-2022 3-0 tab Maroc Coupe du monde 2022
82%
14-6-2021 0-0 Suède Euro 2020
82%
2-9-2021 2-1 Suède Qualification Coupe du monde
82%
14-11-2021 1-0 Suède Qualification Coupe du monde
82%
26-3-2024 3-3 Brésil Amical
77%
28-6-2021 3-5 tab Croatie Euro 2020
77%
18-6-2023 4-5 tab Croatie Ligue des nations
77%
15-6-2024 3-0 Croatie Euro 2024
77%
28-3-2021 1-2 Géorgie Qualification Coupe du monde
77%
5-9-2021 4-0 Géorgie Qualification Coupe du monde
77%
8-9-2023 1-7 Géorgie Qualification Euro
77%
19-11-2023 3-1 Géorgie Qualification Euro
77%
30-6-2024 4-1 Géorgie Euro 2024
77%
19-6-2021 1-1 Pologne Euro 2020
77%
6-9-2020 4-0 Ukraine Ligue des nations
77%
13-10-2020 1-0 Ukraine Ligue des nations
77%
1-12-2022 2-1 Japon Coupe du monde 2022
73%
11-11-2020 1-1 Pays-Bas Amical
73%
20-3-2025 2-2 Pays-Bas Ligue des nations
73%
23-3-2025 8-7 tab Pays-Bas Ligue des nations
73%
10-10-2020 1-0 Suisse Ligue des nations
73%
14-11-2020 1-1 Suisse Ligue des nations
73%
2-7-2021 2-4 tab Suisse Euro 2020
73%
9-6-2022 0-1 Suisse Ligue des nations
73%
24-9-2022 1-2 Suisse Ligue des nations
73%
8-9-2024 1-4 Suisse Ligue des nations
73%
18-11-2024 3-2 Suisse Ligue des nations
73%
26-3-2022 2-1 Albanie Amical
68%
24-6-2024 0-1 Albanie Euro 2024
68%
12-10-2024 1-0 Danemark Ligue des nations
68%
15-11-2024 1-2 Danemark Ligue des nations
68%
25-3-2021 1-1 Grèce Qualification Coupe du monde
68%
11-11-2021 0-1 Grèce Qualification Coupe du monde
68%
29-3-2022 5-0 Islande Amical
68%
25-3-2023 3-0 Norvège Qualification Euro
68%
15-10-2023 0-1 Norvège Qualification Euro
68%
23-11-2022 7-0 Costa Rica Coupe du monde 2022
64%
28-3-2023 2-0 Ecosse Qualification Euro
59%
12-10-2023 2-0 Ecosse Qualification Euro
59%
5-9-2024 0-0 Serbie Ligue des nations
59%
15-10-2024 3-0 Serbie Ligue des nations
59%
23-6-2021 0-5 Slovaquie Euro 2020
59%
5-6-2022 2-2 Tchéquie Ligue des nations
59%
12-6-2022 2-0 Tchéquie Ligue des nations
59%
22-3-2024 0-1 Colombie Amical
55%
5-6-2024 5-0 Andorre Amical
50%
8-6-2024 5-1 Irlande du Nord Amical
45%
31-3-2021 3-1 Kosovo Qualification Coupe du monde
45%
8-9-2021 0-2 Kosovo Qualification Coupe du monde
45%
12-9-2023 6-0 Chypre Qualification Euro
41%
16-11-2023 1-3 Chypre Qualification Euro
41%
8-6-2021 4-0 Lituanie Amical
41%
17-11-2022 1-3 Jordanie Amical
14%
Aucun quiz correspondant
Distribution des résultats
% des personnes avec chaque résultat
Percentile par nombre de réponses
Votre historique - résultats
Vous n’avez pas pris ce quiz